|
|
|
|
| LEADER |
01117nam a2200289 i 4500 |
| 001 |
c000042071 |
| 003 |
CARM |
| 005 |
00000000000000.0 |
| 008 |
770127s1976 bl b 00110 por |
| 019 |
1 |
|
|a 828622
|5 LACONCORD2021
|
| 020 |
|
|
|c Cr$8.00
|
| 035 |
|
|
|a (OCoLC)2820041
|5 LACONCORD2021
|
| 043 |
|
|
|a s-bl---
|
| 050 |
0 |
0 |
|a HD2755.5
|b .V54
|
| 100 |
1 |
|
|a Vieira, Dorival Teixeira.
|
| 245 |
1 |
0 |
|a Multinacionais no Brasil :
|b diagnostico e prognostico /
|c Dorival Teixeira Vieira, Lenita Corr ea Camargo.
|
| 260 |
|
|
|a S~ao Paulo :
|b Edic~ao Saraiva,
|c 1976.
|
| 300 |
|
|
|a 389 p. ;
|c 21 cm.
|
| 500 |
|
|
|a Includes index.
|
| 504 |
|
|
|a Bibliography: p. 383-385.
|
| 650 |
|
0 |
|a International business enterprises
|z Brazil.
|
| 650 |
|
0 |
|a Corporations, Foreign
|z Brazil.
|
| 650 |
|
0 |
|a International business enterprises
|x Finance.
|
| 700 |
1 |
|
|a Camargo, Lenita Corr ea,
|e joint author.
|
| 852 |
8 |
|
|b CARM
|h A2:AF10A0
|i B01755
|p 0078923
|f BK
|
| 999 |
f |
f |
|i fba11012-672c-5232-a8b1-b1677ae0cac3
|s 2dc400b8-2cf8-53fa-985a-6d4352c82037
|
| 952 |
f |
f |
|p Can circulate
|a CAVAL
|b CAVAL
|c CAVAL
|d CARM 1 Store
|e B01755
|f A2:AF10A0
|h Other scheme
|i book
|m 0078923
|